MARC details
| 000 -LEADER |
| fixed length control field |
02369cam a22006258i 4500 |
| 001 - CONTROL NUMBER |
| control field |
on1356890626 |
| 003 - CONTROL NUMBER IDENTIFIER |
| control field |
OCoLC |
| 005 - DATE AND TIME OF LATEST TRANSACTION |
| control field |
20231005124606.0 |
| 008 - FIXED-LENGTH DATA ELEMENTS--GENERAL INFORMATION |
| fixed length control field |
230120s2023 nyua b 000 1 eng |
| 010 ## - LIBRARY OF CONGRESS CONTROL NUMBER |
| LC control number |
2022057185 |
| 020 ## - INTERNATIONAL STANDARD BOOK NUMBER |
| International Standard Book Number |
9780593480212 |
| Qualifying information |
(hardcover) |
| 020 ## - INTERNATIONAL STANDARD BOOK NUMBER |
| International Standard Book Number |
059348021X |
| 020 ## - INTERNATIONAL STANDARD BOOK NUMBER |
| International Standard Book Number |
9780593480229 |
| Qualifying information |
(library binding) |
| 020 ## - INTERNATIONAL STANDARD BOOK NUMBER |
| International Standard Book Number |
0593480228 |
| 020 ## - INTERNATIONAL STANDARD BOOK NUMBER |
| International Standard Book Number |
9780593480243 |
| Qualifying information |
(trade paperback) |
| 020 ## - INTERNATIONAL STANDARD BOOK NUMBER |
| International Standard Book Number |
0593480244 |
| 029 1# - (OCLC) |
| OCLC library identifier |
AU@ |
| System control number |
000073319399 |
| 035 ## - SYSTEM CONTROL NUMBER |
| System control number |
(OCoLC)1356890626 |
| Canceled/invalid control number |
(OCoLC)1356891748 |
| 040 ## - CATALOGING SOURCE |
| Original cataloging agency |
DLC |
| Language of cataloging |
eng |
| Description conventions |
rda |
| Transcribing agency |
DLC |
| Modifying agency |
YDX |
| -- |
BDX |
| -- |
OCLCF |
| -- |
SDG |
| -- |
TOH |
| -- |
JBU |
| -- |
RB0 |
| -- |
UOK |
| 042 ## - AUTHENTICATION CODE |
| Authentication code |
pcc |
| 049 ## - LOCAL HOLDINGS (OCLC) |
| Holding library |
UOKA |
| 050 00 - LIBRARY OF CONGRESS CALL NUMBER |
| Classification number |
PZ7.1.C467 |
| Item number |
Go 2023 |
| 082 00 - DEWEY DECIMAL CLASSIFICATION NUMBER |
| Classification number |
[E] |
| Edition number |
23 |
| 092 ## - LOCALLY ASSIGNED DEWEY CALL NUMBER (OCLC) |
| Classification number |
HALLOWEEN E CHA |
| 999 ## - SYSTEM CONTROL NUMBERS (KOHA) |
| Koha Dewey Subclass [OBSOLETE] |
03903761 |
| 100 1# - MAIN ENTRY--PERSONAL NAME |
| Personal name |
Cha, Frances |
| Relator term |
author. |
| 9 (RLIN) |
6377584 |
| 245 14 - TITLE STATEMENT |
| Title |
The goblin twins / |
| Statement of responsibility, etc |
by Frances Cha ; illustrated by Jaime Kim. |
| 250 ## - EDITION STATEMENT |
| Edition statement |
First edition. |
| 263 ## - PROJECTED PUBLICATION DATE |
| Projected publication date |
2309 |
| 264 #1 - Production, Publication, Distribution, Manufacture, and Copyright Notice. |
| Place of production, publication, distribution, manufacture |
New York : |
| Name of producer, publisher, distributor, manufacturer |
Crown Books for Young Readers, |
| Date of production, publication, distribution, manufacture, or copyr |
[2023] |
| 300 ## - PHYSICAL DESCRIPTION |
| Extent |
1 volume (unnumbered pages) : |
| Other physical details |
color illustrations ; |
| Dimensions |
29 cm. |
| 336 ## - Content Type |
| Content type term |
text |
| 336 ## - Content Type |
| Content type term |
still image |
| 337 ## - Media type |
| Media type term |
unmediated |
| 338 ## - Carrier type |
| Carrier type term |
volume |
| 490 0# - SERIES STATEMENT |
| Series statement |
The goblin twins; |
| Volume number/sequential designation |
book 1 |
| 520 ## - SUMMARY, ETC. |
| Summary, etc |
Good-natured goblin twin brothers Doki and Kebi move to New York City and experience an unexpected Halloween adventure in their new home. |
| 521 ## - TARGET AUDIENCE NOTE |
| Target audience note |
Ages 3-7. |
| Source |
The Crown Books for Young Readers. |
| 521 ## - TARGET AUDIENCE NOTE |
| Target audience note |
Grades K-1. |
| Source |
The Crown Books for Young Readers. |
| 650 #0 - SUBJECT ADDED ENTRY--TOPICAL TERM |
| Topical term or geographic name as entry element |
Mythology, Korean |
| Form subdivision |
Juvenile fiction. |
| 9 (RLIN) |
6441317 |
| 650 #0 - SUBJECT ADDED ENTRY--TOPICAL TERM |
| Topical term or geographic name as entry element |
Goblins |
| Form subdivision |
Juvenile fiction. |
| 9 (RLIN) |
5718290 |
| 650 #0 - SUBJECT ADDED ENTRY--TOPICAL TERM |
| Topical term or geographic name as entry element |
Halloween |
| Form subdivision |
Juvenile fiction |
| 650 #0 - SUBJECT ADDED ENTRY--TOPICAL TERM |
| Topical term or geographic name as entry element |
Twins |
| Form subdivision |
Juvenile fiction |
| 9 (RLIN) |
5674271 |
| 650 #0 - SUBJECT ADDED ENTRY--TOPICAL TERM |
| Topical term or geographic name as entry element |
Brothers |
| Form subdivision |
Juvenile fiction |
| 9 (RLIN) |
5674796 |
| 650 #1 - SUBJECT ADDED ENTRY--TOPICAL TERM |
| Topical term or geographic name as entry element |
Mythology, Korean |
| Form subdivision |
Fiction. |
| 9 (RLIN) |
6441318 |
| 650 #1 - SUBJECT ADDED ENTRY--TOPICAL TERM |
| Topical term or geographic name as entry element |
Goblins |
| Form subdivision |
Fiction. |
| 9 (RLIN) |
5764480 |
| 650 #1 - SUBJECT ADDED ENTRY--TOPICAL TERM |
| Topical term or geographic name as entry element |
Halloween |
| Form subdivision |
Fiction. |
| 9 (RLIN) |
5684667 |
| 650 #1 - SUBJECT ADDED ENTRY--TOPICAL TERM |
| Topical term or geographic name as entry element |
Twins |
| Form subdivision |
Fiction |
| 9 (RLIN) |
5674236 |
| 650 #1 - SUBJECT ADDED ENTRY--TOPICAL TERM |
| Topical term or geographic name as entry element |
Brothers |
| Form subdivision |
Fiction |
| 9 (RLIN) |
5674799 |
| 655 #7 - INDEX TERM--GENRE/FORM |
| Genre/form data or focus term |
Picture books |
| Source of term |
lcgft |
| 655 #7 - INDEX TERM--GENRE/FORM |
| Genre/form data or focus term |
Monster fiction |
| Source of term |
lcgft |
| 9 (RLIN) |
6372837 |
| 700 1# - ADDED ENTRY--PERSONAL NAME |
| Personal name |
Kim, Jaime |
| Relator term |
illustrator. |
| 9 (RLIN) |
6019898 |
| 776 08 - ADDITIONAL PHYSICAL FORM ENTRY |
| Display text |
Online version: |
| Main entry heading |
Cha, Frances. |
| Title |
Goblin twins. |
| Edition |
First edition |
| Place, publisher, and date of publication |
New York : The Crown Books for Young Readers, [2023] |
| International Standard Book Number |
9780593480236 |
| Record control number |
(DLC) 2022057186 |
| 942 ## - ADDED ENTRY ELEMENTS (KOHA) |
| Source of classification or shelving scheme |
Dewey Decimal Classification |
| Koha item type |
BOOK |